00980nam a22002177a 4500003000900000005001700009007000300026008004100029040003100070082002800101245018900129264007100318300004800389336002700437337003500464338002900499500013200528630001500660650003500675710005200710DO-SdBPM20260127095814.0ta171123b 2019 us a |||| |||| 00| 0 spa d a DO-SdBPMbspacBPMSUerda 4a220.256bB582t 201922203a La biblia. Traducción del nuevo mundo :b traducidas de la versión en inglés (edición 2013 ) en el proceso de traducción se consultaron los idiomas originales /c traductor  aNew York : bWatchtower Bible and Tract Society of New York,c2019 a1893 páginas :bilustraciones ;c20 cm. atextobtxt2rdacontent asin mediación bn2rdamedia  avolumenbnc2rdacarrier  aEsta publicación se distribuye como parte de la obra mundial de educación bíblica que realizan los testigos de Jehová 07aLa Biblia. 7aInterpretación de la Biblia.2 aWatchtower Bible and Tract Society of New York,